000 00296nam a2200109Ia 4500
008 171211s9999 xx 000 0 und d
245 _aFoundations In Comic Book Art
245 _cJohn Paul Lowe
260 _c2014
650 _xDrawing
856 _uhttp://down.ebook777.com/002/FouInComBooArt.rar
999 _c348047
_d348047